El daǫ especial como rǧimen aplicable para endilgar responsabilidad al Estado por privacin̤ injusta de la libertad

Detalles Bibliográficos
Autor principal: Aguiar Delgadillo, Miguel ℓngel
Formato: eBook
Lenguaje:español
Publicado: Bogot ̀: Universidad Sergio Arboleda, 2012
Materias:
Acceso en línea:http://www.vlex.com/source/10929

MARC

LEADER 00000nam a22000007a 4500
005 20130328174727.0
007 cr|||| ||||
008 130328e2012 ck |||||s|||| 00||0 spa d
020 |a 978-958-8745-38-1 
035 |a 10929 
040 |a vLex 
090 |c 4080  |d 4080 
100 1 0 |a Aguiar Delgadillo, Miguel ℓngel  
245 1 3 |a El daǫ especial como rǧimen aplicable para endilgar responsabilidad al Estado por privacin̤ injusta de la libertad  |c / Miguel ℓngel Aguiar Delgadillo   |h [Recurso electrn̤ico] 
256 |a Servicio en ln̕ea 
260 |a Bogot ̀:  |b Universidad Sergio Arboleda,   |c 2012 
300 |a 1 Recurso electrn̤ico 
506 |a Contenido solo disponible en los productos indicados  |d vLex Global  |d vLex Global (Academic Edition, excluding Law Schools)  |d vLex Global (U.S. Academic Edition, Law Schools)  |d vLex Global (U.S. Academic Edition, excluding Law Schools)  |d vLex Global (Academic Edition, Law Schools) 
650 0 4 |a Derecho constitucional  
740 |a vLex Libros (Servicio en ln̕ea) 
856 |a Acceso restringido  |u http://www.vlex.com/source/10929 
942 |c BOOK 
999 0 |a Constitutional law